Statistics for U.S. Presidents With the Rarest First Names

Click here to take the quiz!

General Stats

  • This quiz has been taken 389 times
  • The average score is 6 of 10

Answer Stats

HintAnswer% Correct
280Barack
79%
11,422Ulysses
69%
4,654Millard
64%
53,607Dwight
62%
7,251Grover
59%
216Rutherford
59%
2,723Woodrow
58%
38,106Chester
55%
72,339Herbert
55%
7,764Lyndon
55%

Score Distribution

Percentile by Number Answered

Percent of People with Each Score

Your Score History

You have not taken this quiz